| 000 | 02102cam a2200373 a 4500 | ||
|---|---|---|---|
| 001 | 17464682 | ||
| 003 | EG-ScBUE | ||
| 005 | 20250513090625.0 | ||
| 008 | 120913t2025 moua f b 001 0 eng d | ||
| 020 | _a9780323824200 | ||
| 035 | _a(DNLM)101592118 | ||
| 040 |
_aDNLM/DLC _beng _erda _cDLC _dDLC _dEG-ScBUE |
||
| 082 | 0 | 4 |
_a616.740754 _222 _bAVE |
| 100 | 1 |
_aAvers, Dale, _eauthor. |
|
| 245 | 1 | 0 |
_aDaniels and Worthingham's muscle testing : _btechniques of manual muscle and physical performance testing / _cDale Avers, PT, DPT, PhD, FAPTA, professor emeritus, Department of Physical Therapy Education, College of Health Professions, SUNY Upstate Medical University, Syracuse, New York, Donovan J. Lott, PT, PhD, CSCS, research professor, Department of Physical Therapy, University of Florida, Gainesville, Florida, Marybeth Brown, PT, PhD, FAPTA, FACSM, professor emeritus, Physical Therapy Program, Biomedical Sciences, University of Missouri, Columbia, Missouri |
| 246 | 1 | _aMuscle testing | |
| 250 | _aEleventh edition. | ||
| 264 | 1 |
_aLouis, Missouri : _bElsevier, _c[2025] |
|
| 264 | 4 | _cc2025 | |
| 300 |
_axiii, 408 pages : _billustrations ; _c29 cm |
||
| 336 |
_2rdacontent _atext _btxt |
||
| 337 |
_2rdamedia _aunmediated _bn |
||
| 338 |
_2rdacarrier _avolume _bnc |
||
| 500 | _aEnhanced digital version included. | ||
| 504 | _aIncludes bibliographical references and index. | ||
| 505 | 0 | _aPrinciples of manual muscle testing -- Relevance and limitations of manual muscle testing -- Testing the muscles of the neck -- Testing the muscles of the trunk and pelvic floor -- Testing the muscles of the upper extremity -- Testing the muscles of the lower extremity -- Assessment of muscles innervated by cranial nerves -- Alternatives to manual muscle testing -- Testing functional abilities -- Case studies -- Ready reference anatomy. | |
| 650 | 7 |
_aMuscles _xphysiology. _2BUEsh |
|
| 650 | 7 |
_aPhysical Examination _xmethods. _2BUEsh |
|
| 653 |
_cMay2025 _bPT |
||
| 655 | _vReading book | ||
| 700 | 1 |
_aLott, Donovan J., _eauthor. |
|
| 700 | 1 |
_aBrown, Marybeth, _eauthor. |
|
| 942 |
_2ddc _cBB |
||
| 999 |
_c30976 _d30947 |
||